• 首页
  • 本馆介绍
  • 公告通知
  • 最新文献
  • 馆藏检索
  • 电子资源
  • 读者导购
  • 参考咨询
  • 我的图书馆
  • 登录
  • 详细信息显示
  • 放入我的书架
  • 预约/预借图书
  • 作者相关作品
  • 分类相关作品
  • 丛书相关作品
  • 出版社相关作品

书目信息

  • 表格格式
  • 工作单格式
  • 卡片格式
题名:
中国动物志
    
 
作者: 廖玉麟
分册:  
出版信息: 北京   科学出版社  1997
页数: 327
开本: 26cm
丛书名:
单 册:
中图分类: Q19
科图分类:
主题词: 生物学:分类学
电子资源:
ISBN: 7-03-005435-0
000 00581nam0 2200193 450
001 0741144344
005 20070817112544.34
010    @a7-03-005435-0@b精装@d¥59.00
100    @a20070817d km y0chiy0120 ea
101 0  @achi
200 1  @a中国动物志@Azhong guo dong wu zhi@e棘皮动物门 海参纲@f廖玉麟@Fliao yu lin
210    @a北京@c科学出版社@d1997
215    @a327@d26cm
517 1  @a棘皮动物门 海参纲@Aji pi dong wu men hai shen gang
606 0  @a生物学:分类学
690    @aQ19@v3
701  0 @a廖玉麟@Aliao yu lin
801  0 @aCN@bPFT@c20070817
905    @a213230@dQ19@en1:4@f1
    
    中国动物志:棘皮动物门 海参纲/廖玉麟.-北京:科学出版社,1997
    327;26cm
    
    
    ISBN 7-03-005435-0(精装):¥59.00
    
●
相关链接 在E读中查询图书 在五车中查询图书 在当当中查询图书 在豆瓣中查询图书


正题名:中国动物志     索取号:Q19/n1:4         预约/预借

序号 登录号 条形码 馆藏地/架位号 状态 备注
1 6600090   266000908   密集书库-生命科学系/ [索取号:Q19/n1:4] 在馆    
唐山师范学院图书馆 欢迎您!
大连网信软件有限公司© 版权所有